States of Germany - South to North - Statistics

General Stats
  • This quiz has been taken 29 times
  • The average score is 14 of 16
Answer Stats
State % Correct
Bavaria
100%
Baden-Württemberg
95%
Rhineland-Palatinate
91%
Saarland
91%
Brandenburg
86%
Bremen
86%
Hamburg
86%
Hesse
86%
Lower Saxony
86%
North Rhine-Westphalia
86%
Saxony
86%
Berlin
82%
Saxony-Anhalt
82%
Thuringia
82%
Mecklenburg-Vorpommern
77%
Schleswig-Holstein
77%
No matching quizzes found
Score Distribution
Percent of People with Each Score
Percentile by Number Answered
Your Score History
You have not taken this quiz